Rwanda : 2008 Article IV Consultation, Fifth Review Under the Three-Year Arrangement Under the Poverty Reduction and Growth Facility, and Request for Waiver of Nonobservance of Performance Criterion; Staff Report; Staff Supplement and Statement; Public Information Notice and Press Release on the Executive Board Discussion; and Statement by the Executive Director for Rwanda.

The staff report for Rwanda's combined 2008 Article IV Consultation, Fifth Review Under the Three-Year Arrangement under the Poverty Reduction and Growth Facility, and Request for Waiver of Nonobservance of Performance Criterion is examined. Sound macroeconomic and structural policies backed by...

Descripción completa

Detalles Bibliográficos
Autor Corporativo: International Monetary Fund
Formato: Revista
Lenguaje:English
Publicado: Washington, D.C. : International Monetary Fund, 2009.
Colección:IMF Staff Country Reports; Country Report ; No. 2009/058
Acceso en línea:Full text available on IMF
LEADER 01987cas a2200241 a 4500
001 AALejournalIMF005639
008 230101c9999 xx r poo 0 0eng d
020 |c 5.00 USD 
020 |z 9781451833485 
022 |a 1934-7685 
040 |a BD-DhAAL  |c BD-DhAAL 
110 2 |a International Monetary Fund. 
245 1 0 |a Rwanda :   |b 2008 Article IV Consultation, Fifth Review Under the Three-Year Arrangement Under the Poverty Reduction and Growth Facility, and Request for Waiver of Nonobservance of Performance Criterion; Staff Report; Staff Supplement and Statement; Public Information Notice and Press Release on the Executive Board Discussion; and Statement by the Executive Director for Rwanda. 
264 1 |a Washington, D.C. :  |b International Monetary Fund,  |c 2009. 
300 |a 1 online resource (108 pages) 
490 1 |a IMF Staff Country Reports 
500 |a <strong>Off-Campus Access:</strong> No User ID or Password Required 
500 |a <strong>On-Campus Access:</strong> No User ID or Password Required 
506 |a Electronic access restricted to authorized BRAC University faculty, staff and students 
520 3 |a The staff report for Rwanda's combined 2008 Article IV Consultation, Fifth Review Under the Three-Year Arrangement under the Poverty Reduction and Growth Facility, and Request for Waiver of Nonobservance of Performance Criterion is examined. Sound macroeconomic and structural policies backed by substantial donor assistance have led to macroeconomic stability, robust growth and low inflation, a comfortable level of international reserves, and significantly reduced external debt. Short-term risks to economic growth and the balance of payments have emerged because of the global financial crisis and economic slowdown. 
538 |a Mode of access: Internet 
830 0 |a IMF Staff Country Reports; Country Report ;  |v No. 2009/058 
856 4 0 |z Full text available on IMF  |u http://elibrary.imf.org/view/journals/002/2009/058/002.2009.issue-058-en.xml  |z IMF e-Library